000 01774nam a22002537a 4500
999 _c60448
_d60448
003 Ge_BSU
005 20240325112351.0
008 230720s2023ge xxu||||| |||| 00| 0 geo d
020 _a9789941335228
041 _ageo
080 _a378 კ-87
100 _aკუბლაშვილი, ბაია, ავტორი
_919457
245 _aსწავლა-სწავლება უმაღლესი განათლების საფეხურზე :
_b[მონოგრაფია] /
_cბაია კუბლაშვილი, თამარ მაღლაკელიძე, სამეცნიერო რედ. გიორგი გერგაული.
264 _aთბილისი :
_bუნივერსალი,
_c2023.
300 _a164 გვ. :
_bცხრ. ;
_c 24 სმ.
504 _aბიბლიოგრაფია: გვ. 160-163.
653 _aწავლა-სწავლება უმაღლესი განათლების საფეხურზე
653 _aგანათლება
700 _dმაღლაკელიძე, თამარ
_919460
700 _aგერგაული, გიორგი
_919461
_qსამეცნიერო რედაქტორი
710 _aმონოგრაფია მომზადებულია შპს "ევროპის უნივერსიტეტის" მიერ, დაიბეჭდა შოთა რუსთაველის საქართველოს ეროვნული სამეცნიერო ფონდის ფინანსური მხარდაჭერით.
_919459
773 _tნაჩუქარი
942 _2udc
_cBK